000 00595nam a2200193Ia 4500
003 OSt
005 20230622122802.0
008 210423s1999 xx 000 0 und d
040 _cAL
041 _aeng
082 _a574.19245
_223
_bFERA
100 _aFERSHT (Alan).
_9100036
245 _aStructure and mechanism in protein science: a guide to enzyme catalysis and protein folding.
260 _aNew York
_bW H Freeman & Co.
_c1999
300 _axxi,631
365 _cINR
906 _acatalysis ; enzyme ; folding. ; guide ; mechanism ; protein ; science ; Structure
942 _2ddc
_cBK
999 _c163859
_d163859